|
|
|
|
| LEADER |
01645nam a2200409 i 4500 |
| 001 |
EBC6461806 |
| 003 |
MiAaPQ |
| 005 |
20210624003031.0 |
| 006 |
m o d | |
| 007 |
cr cnu|||||||| |
| 008 |
210624s2021 nyua o 001 0 eng d |
| 020 |
|
|
|z 9781953349521
|q (print)
|
| 020 |
|
|
|z 9781953349538
|q (electronic bk.)
|
| 035 |
|
|
|a (MiAaPQ)EBC6461806
|
| 035 |
|
|
|a (Au-PeEL)EBL6461806
|
| 035 |
|
|
|a (OCoLC)1235597776
|
| 040 |
|
|
|a MiAaPQ
|b eng
|e rda
|e pn
|c MiAaPQ
|d MiAaPQ
|
| 050 |
|
4 |
|a HD38.7
|b .U337 2021
|
| 082 |
0 |
|
|a 658.472
|2 23
|
| 100 |
1 |
|
|a Ugarte, Ruben,
|e author.
|
| 245 |
1 |
4 |
|a The data mirage :
|b why companies fail to actually use their data /
|c Ruben Ugarte.
|
| 264 |
|
1 |
|a New York, New York :
|b Business Expert Press,
|c [2021]
|
| 264 |
|
4 |
|c 2021
|
| 300 |
|
|
|a 1 online resource (168 pages) :
|b illustrations
|
| 336 |
|
|
|a text
|b txt
|2 rdacontent
|
| 337 |
|
|
|a computer
|b c
|2 rdamedia
|
| 338 |
|
|
|a online resource
|b cr
|2 rdacarrier
|
| 500 |
|
|
|a Includes index.
|
| 588 |
|
|
|a Description based on print version record.
|
| 590 |
|
|
|a Electronic reproduction. Ann Arbor, MI : ProQuest, 2018. Available via World Wide Web. Access may be limited to ProQuest affiliated libraries.
|
| 650 |
|
0 |
|a Business enterprises.
|
| 650 |
|
0 |
|a Big data.
|
| 650 |
|
0 |
|a Business intelligence.
|
| 655 |
|
4 |
|a Electronic books.
|
| 776 |
0 |
8 |
|i Print version:
|a Ugarte, Ruben.
|t Data mirage : why companies fail to actually use their data.
|d New York, New York : Business Expert Press, c2021
|h 168 pages
|z 9781953349521
|
| 797 |
2 |
|
|a ProQuest (Firm)
|
| 856 |
4 |
0 |
|u https://ebookcentral.proquest.com/lib/matrademy/detail.action?docID=6461806
|z Click to View
|